000 00430nam a2200181Ia 4500
003 IT-RoPAU
008 120407s9999 xx 000 0 und d
040 _aIT-RoPAU
040 _cIT-RoPAU
100 _aPaolo della Croce
245 _aPaolo della croce. Scritti spirituali. 3 Lettere a religiosi
250 _aRoma
260 _aCittà Nuova
300 _c cm
490 _v1
700 _aCristoforo Chiari
942 _cBK
999 _c1894
_d1894